000 00632nam a22002417a 4500
003 UA-OsUOA
001 25019
007 ta
008 20040309b un ||||| |||| 00| 0 ukr d
090 _a81'36=133.1
_bП78
942 _cBK
040 _aUA-OsUOA
_brus
_cUA-OsUOA
_dUA-OsUOA
245 _aПроресивная грамматика французкого языка
_cРед. Л.Ф.Ильченко
300 _a256 с.
955 _a0
041 _arus
080 _a81'36=133.1
020 _a966-7269-03-5
260 _aКиев
_bМетодика
_c1997
044 _aRU
650 7 _2UDC
999 _c311309
_d311309